Statistics for Singapore MRT Stations in Chinese (EW/green Line)

Click here to take the quiz!

General Stats

  • This quiz has been taken 59 times
  • The average score is 26 of 35

Answer Stats

QuestionAnswer% Correct
Tampines淡滨尼
92%
Pasir Ris巴西立
88%
Bedok勿洛
88%
Tanah Merah丹那美拉
88%
Redhill红山
86%
Paya Lebar巴耶利峇
84%
Aljunied阿裕尼
84%
Kallang加冷
84%
Simei四美
82%
City Hall政府大厦
82%
Tiong Bahru中峇鲁
82%
Jurong East裕廊东
80%
Outram Park欧南园
80%
Boon Lay文礼
80%
Buona Vista波那维斯达
78%
Raffles Place莱佛士坊
78%
Tanjong Pagar丹戎巴葛
76%
Clementi金文泰
76%
Eunos友诺士
74%
Tuas Crescent大士弯
70%
Joo Koon裕群
70%
Tuas West Road大士西路
70%
Kembangan景万岸
70%
Dover杜弗
70%
Queenstown女皇镇
70%
Lavender劳明达
70%
Bugis武吉士
64%
Chinese Garden裕华园
62%
Commonwealth联邦
62%
Changi Airport樟宜机场
62%
Expo博览
60%
Lakeside湖畔
58%
Pioneer先驱
58%
Tuas Link大士连路
56%
Gul Circle卡尔圈
54%

Score Distribution

Percentile by Number Answered

Percent of People with Each Score

Your Score History

You have not taken this quiz